1080 1775 1708 1982 1608 1648 1247 1861 1900 1039 1226 1293 1311 1998 1753 1670 1203 1964 1802 1332 1070 1961 1287 1292 1129 1958 1542 1268 1897 1875 1963 1484 1990 1075 1392 1201 1387 1780 1984 1861 1403 1469 1068 1799 1003 1616 1218 1131 1547 2000 1615 1401 1362 1677 1253 1458 1355 1602 1665 1390 1075 1636 1105 1502 1975 1591 1702 1593 1174 1408 1807 1084 1794 1586 1087 1128 1983 1456 1531 1740 1459 1095 1323 1224 1958 1925 1499 1928 1695 1752 1490 1945 1644 1560 1359 1680 1630 1979 1464 BCNSPRNW ULIB Ver.6.0+V

เปลี่ยนเป็นภาษาไทย

Change to English
 แสดงรายละเอียดบรรณานุกรม
  กลับหน้าหลัก

Brief Record : Get Marc (ISO 2709) : E-mail record : QR code < ปิดหน้าต่าง
LEADER : 00000nam 2200000uu 4500
001    13399110882
003     ULIB
008    110613s2005||||th 000 0 tha d
020    9748679241(ล.1)
050  4 AC158^bM111D ล.1 2005
100 0  Martina, Guido
245    ดิสนีย์ส (Disney s) โลกมหัศจรรย์ : สัตว์ต่างๆ/ ^cผู้แปลและเรียบเรียง ศูนย์การแปล คณะอักษณศาสตร์ จุฬาลงกรณ์มหาวิทยาลัย ; บรรณาธิการ ชาญศักดิ์ พงษ์สุวรรณ
260    กรุงเทพฯ : ^bโกเลียร์อินเตอร์เนชั่นแนล, ^c2005
300    20 เล่ม : ^bภาพประกอบ ; ^c26 ซม.
592    Buddhist era
650  7 ความรู้ทั่วไป
650  7 สัตว์
700    ชาญศักดิ์ พงษ์สุวรรณ, ^eบรรณาธิการ
710    จุฬาลงกรณ์มหาวิทยาลัย. ^bคณะอักษรศาสตร์. ^bศูนย์การแปล
945    ^p850^l0^i023015
995    ทศพร
999 ^a ใช้งานได้ทุกระบบ
รายการนี้ยังไม่มีแท็ก
คุณยังไม่ได้ล็อกอิน คุณสามารถมีกิจกรรมร่วมกับเว็บไซต์ได้ แต่ต้องล็อกอินก่อน ::
  ล็อกอิน

รายการสื่อสารสนเทศ

ลำดับที่ ประเภท เลขเรียก/บาร์โค้ด สถานที่ สถานะ
- ไม่พบข้อมูล -

รายการใกล้เคียง
    ผู้แต่ง [Martina, Guido]

    หัวเรื่อง [ความรู้ทั่วไป]
    หัวเรื่อง [สัตว์]

BibComment


ยังไม่เคยถูกคอมเมนท์

คอมเมนท์ทรัพยากรรายการนี้
  คอมเมนท์: ดิสนีย์ส Disney s..


 Copyright 2026. Bcnsprnw @Library